000 01106nam a22003497a 4500
003 CHAP
005 20220329141530.0
008 971013s1970 r 00010 d
010 _a69706
011 _a70678
035 _a80203
040 _cCHAP
082 _a584.9
_bR6
100 0 0 _aRosengurtt, B.
_9100129
245 _aGramíneas uruguayas
260 _aMontevideo :
_bUniversidad de la República,
_c1970
300 _a489 p.
_b; ilus
490 _aColección ciencias
_v; 5
590 _aBATCH-UPD
_b10
_c20130110
_lUCH01
_h0142
590 _aBATCH-UPD
_b10
_c20130110
_lUCH01
_h0658
590 _aBATCH-UPD
_b10
_c20130110
_lUCH01
_h2334
590 _aBATCH-UPD
_b10
_c20130409
_lUCH01
_h2140
590 _aBATCH-UPD
_b10
_c20130914
_lUCH01
_h0402
590 _aCONVERSION
_b10
_c20130109
_lUCH01
_h1338
650 1 4 _aGramíneas
_xUruguay.
_950294
700 0 _aArrillaga de Maffei, B. R.
_97495
700 0 _aIzaguirre de Artucio, P.
_960737
830 0 _aColección ciencias
_v; 5
_924742
901 _aBK
942 _cLIBRO
949 _a584.9 R6
_bBC
_cLIBRO
_d33724000355442
_eLIBRO
_h15869
_i80203
_si
999 _c69706
_d69706